000
00323nam a2200145Ia 4500
100
_a
Buzan Tony/ Keene R
650
_a
General
942
_c
RB
654
_a
General
245
_a
Buzans Book of Genious
260
_b
Stanely Paul & Co Ltd
_a
London
_c
1994
082
_a
153.93
_b
PAN
546
_a
ENGLISH
999
_c
18486
_d
18486